| 000 | 00982nam a22002537a 4500 | ||
|---|---|---|---|
| 999 |
_c7909 _d7909 |
||
| 003 | AR-CdUCM | ||
| 008 | 190321b ||||| |||| 00| 0 spa d | ||
| 040 |
_aMUNICIPALIDAD PROVINCIAL DEL CUSCO _cBIBLIOTECA MUNICIPAL DEL CUSCO |
||
| 082 |
_a761.2 / _b1954 |
||
| 100 |
_aWestheim, Paul _922362 |
||
| 245 | _aEl grabado en madera / | ||
| 260 |
_aMéxico, D. F : _bFondo de Cultura Económica, _c1954. |
||
| 300 |
_a297 páginas ; _bilustraciones, _c17 cm. |
||
| 440 |
_aBreviarios del Fondo de Cultura Económica _n95 _922363 |
||
| 500 | _aTraducción de: Das Holzschnittbuch. | ||
| 505 | _aContenido: La evolución del grabado en madera desde el siglo XIV hasta el siglo XX -- El nuevo grabado en madera mexicano -- El estampado de imágenes en el antigua México. | ||
| 650 |
_aMéxico _918 |
||
| 650 |
_aArte _9561 |
||
| 650 |
_aGrabado en madera _922364 |
||
| 650 |
_aHistoria _9136 |
||
| 700 |
_aFrenk, Mariana (Traductora) _922365 |
||
| 942 |
_2ddc _cLIBROS |
||
| 945 | _araen | ||